Fast Typing Numbers - Statistics

General Stats
  • This quiz has been taken 188 times
  • The average score is 17 of 40
Answer Stats
Number Answer % Correct
42197 42197
96%
56587 56587
86%
63914 63914
86%
88675 88675
85%
62355 62355
84%
69448 69448
82%
86752 86752
82%
24266 24266
79%
93715 93715
71%
89272 89272
67%
78697 78697
59%
20421 20421
55%
15250 15250
52%
54664 54664
49%
45051 45051
45%
92520 92520
42%
55262 55262
41%
68720 68720
41%
75520 75520
41%
48533 48533
40%
95343 95343
38%
21089 21089
36%
94382 94382
29%
78404 78404
27%
12437 12437
26%
30338 30338
25%
12345 12345
22%
67829 67829
19%
44160 44160
18%
86458 86458
16%
89939 89939
16%
91265 91265
16%
22050 22050
15%
39951 39951
15%
54371 54371
15%
61697 61697
15%
67232 67232
15%
90537 90537
15%
60139 60139
12%
84536 84536
12%
No matching quizzes found
Score Distribution
Percent of People with Each Score
Percentile by Number Answered
Your Score History
You have not taken this quiz